| 000 | 00692nam a2200217Ia 4500 | ||
|---|---|---|---|
| 003 | GCL | ||
| 008 | 140319s9999 xx 000 0 ara d | ||
| 040 |
_aGCL / _cGCL |
||
| 082 | 0 | 4 |
_a222.22 _bس ا |
| 100 | 1 | _aسحر السيد عبدالعزيز سالم | |
| 245 | 1 | 0 |
_aاضواء على مصحف عثمان بن عفان: رحلته / _cسحر السيد عبدالعزيز سالم |
| 260 |
_a[S.N] : _bمؤسسة شباب الجامعة |
||
| 490 | _a | ||
| 650 | 0 | 4 | _aالتاريخ الاسلامى |
| 650 | 0 | 4 | _aالرسم |
| 650 | 0 | 4 | _aالزخرفة |
| 650 | 0 | 4 | _aالمصاحف |
| 650 | 0 | 4 | _aالمصاحف العثمانية |
| 650 | 0 | 4 | _aالقران |
| 942 |
_2ddc _cBK |
||
| 999 |
_c30752 _d30752 |
||